The Mystery of Holly Lane (Record no. 743)

MARC details
000 -LEADER
fixed length control field 00293nam a2200109 4500
008 - FIXED-LENGTH DATA ELEMENTS--GENERAL INFORMATION
fixed length control field 160624b xxu||||| |||| 00| 0 eng d
100 ## - MAIN ENTRY--PERSONAL NAME
9 (RLIN) 933
Personal name Blyton, G
245 ## - TITLE STATEMENT
Title The Mystery of Holly Lane
260 ## - PUBLICATION, DISTRIBUTION, ETC. (IMPRINT)
Place of publication, distribution, etc. Lon
Name of publisher, distributor, etc. Harper Collins Pub.
Date of publication, distribution, etc. 1992
300 ## - PHYSICAL DESCRIPTION
Extent The Mystery of Holly Lane
942 ## - ADDED ENTRY ELEMENTS (KOHA)
Source of classification or shelving scheme Dewey Decimal Classification
Koha item type BOOK
Holdings
Withdrawn status Lost status Source of classification or shelving scheme Damaged status Not for loan Home library Current library Shelving location Date acquired Total Checkouts Full call number Barcode Date last seen Date last checked out Price effective from Koha item type
    Dewey Decimal Classification     Good Samaritan School Library Good Samaritan School Library FICTION 06/24/2016 1 823 BLY1448 09/13/2017 09/06/2017 06/24/2016 BOOK

Powered by Koha